| 000 | 00623cam a22001815a 4500 | ||
|---|---|---|---|
| 001 | ##L134129 | ||
| 008 | 060712s1956 xxk 000 0 eng u | ||
| 035 | _a(Sirsi) u134129 | ||
| 041 | 0 | _aeng | |
| 110 | 2 |
_aRoyal Institution of Chartered Surveyors _94900 |
|
| 245 | 0 | 4 | _aThe chartered quantity surveyor and his work |
| 260 |
_aLondon _bRICS _c1956 |
||
| 300 |
_a8p. _c22cm. |
||
| 520 | _aA short pamphlet outlining the tasks of the quantity surveyor, their training and expertise. | ||
| 651 | 4 | _aUnited Kingdom | |
| 690 | _aABOUT RICS-RICS MEMBERS-CHARTERED SURVEYORS-CHARTERED QUANTITY SURVEYORS | ||
| 942 |
_n0 _2ddc |
||
| 999 |
_c105553 _d105553 |
||